|
|
|
|
| LEADER |
00000nam0a2200000 4500 |
| 001 |
272818 |
| 005 |
20231101234554.0 |
| 035 |
|
|
|a (RuTPU)RU\TPU\book\296027
|
| 090 |
|
|
|a 272818
|
| 100 |
|
|
|a 20141021d1964 m y0rusy50 ca
|
| 101 |
0 |
|
|a rus
|
| 102 |
|
|
|a RU
|
| 105 |
|
|
|a a j 001zy
|
| 200 |
1 |
|
|a Основы биохимии растений
|e учебник
|f В. Л. Кретович
|
| 205 |
|
|
|a 4-е изд., перераб. и доп.
|
| 210 |
|
|
|a Москва
|c Высшая школа
|d 1964
|
| 215 |
|
|
|a 586 с.
|c ил.
|
| 320 |
|
|
|a Библиогр. в конце гл.
|
| 320 |
|
|
|a Предметный указатель: с. 551-583
|
| 606 |
1 |
|
|a Растения
|x Биохимия
|2 stltpush
|3 (RuTPU)RU\TPU\subj\23936
|9 48402
|
| 610 |
1 |
|
|a учебники
|
| 610 |
1 |
|
|a белки
|
| 610 |
1 |
|
|a углеводы
|
| 610 |
1 |
|
|a жиры
|
| 610 |
1 |
|
|a витамины
|
| 610 |
1 |
|
|a ферменты
|
| 610 |
1 |
|
|a фотосинтез
|
| 610 |
1 |
|
|a брожение
|
| 610 |
1 |
|
|a аминокислоты
|
| 675 |
|
|
|a 581.1
|v 3
|
| 700 |
|
1 |
|a Кретович
|b В. Л.
|g Вацлав Леонович
|
| 801 |
|
1 |
|a RU
|b 63413507
|c 20141021
|
| 801 |
|
2 |
|a RU
|b 63413507
|c 20161230
|g RCR
|
| 942 |
|
|
|c BK
|